Canales de televisión nacional y autonómicas de España - Estadísticas

Estadísticas generales
  • Esta prueba ha sido intentada 455 veces
    432 desde el último reinicio
  • La puntuación promedio es 24 de 58
Estadísticas de respuestas
Programación / Región Respuesta % Correcto
Generalista La 1
97%
Generalista La 2
96%
Generalista Telecinco
95%
Generalista Antena 3
94%
Infantil Clan TVE
93%
Generalista La Sexta
89%
Generalista Cuatro
87%
(Baleares) (Cataluña) y Andorra 3/24
83%
Infantil Boing
83%
Deporte Teledeporte
80%
(Andalucia) Canal Sur
77%
(Andalucía) Canal Sur 2
77%
Entretenimiento Factoría de Ficción
69%
Entretenimiento Neox
68%
Infantil Disney Channel
66%
(Madrid) TELEMADRID
64%
Noticias 24 Horas
62%
Entretenimiento Nova
62%
Entretenimiento Divinity
60%
(Baleares) (Cataluña) y Andorra TV3
58%
Entretenimiento MEGA
45%
(Euskadi) (Navarra) Euskal Telebista (ETB 1)
40%
(Euskadi) (Navarra) Euskal Telebista (ETB 2)
40%
(Euskadi) (Navarra) Euskal Telebista (ETB 3)
40%
(Euskadi) (Navarra) Euskal Telebista (ETB 4)
40%
Entretenimiento Energy
39%
(Aragón) Aragon Tv
38%
Cine Paramount Network
37%
Entretenimiento DMax
35%
Deportes Real Madrid TV
32%
Entretenimiento Atresseries
31%
Entretenimiento TEN
31%
(Galicia) TVG / A Galega
28%
Generalista 13 Tv
27%
(Castilla y León) CYLTV/ La7
27%
(Comunidad Valenciana) À Punt
25%
(Murcia) 7RM / La 7
22%
Entretenimiento DKISS
21%
(Madrid) La Otra (Telemadrid)
20%
(Baleares) IB3
17%
(Extremadura) Canal Extremadura
16%
(Castilla La Mancha) CMM Media
16%
(Galicia) TVG2
16%
(Asturias) TPA 7
15%
(Asturias) TPA 8
15%
(Baleares) (Cataluña) y Andorra SX3/33
14%
Deportes Gol Play
13%
(Cataluña) y Andorra Esport3
12%
Cine BeMad Tv
11%
(Canarias) Televisión Canaria
10%
(Andalucía) Andalucía Televisión
9%
(Madrid) 8Madrid Tv
6%
(Baleares) Canal 4
6%
(La Rioja) TVR
6%
(Cantabria) Popular TV
5%
(Melilla) Televisión Melilla
5%
(Cantabria) Cantabria 7 Televisión
3%
(La Rioja) La 7 Rioja
3%
No se encontraron pruebas coincidentes
Distribución de puntuación
Porcentaje de gente con cada puntuación
Porcentaje por número respondido
Historial de tus puntuaciones
No has intentado esta prueba desde el último reinicio